00297nam a2200109Ia 4500008004100000020001500041100001300056245003200069250002000101260004000121300002600161211105s9999 xx 000 0 und d aVYASA07427 aNoAuthor 0aLight on yoga : Yoga dipika a58th impression bHarpers Collins publisher Indiac\N a544 p. includes index